<?xml version="1.0" encoding="UTF-8"?>
<record
    xmlns:xsi="http://www.w3.org/2001/XMLSchema-instance"
    xsi:schemaLocation="http://www.loc.gov/MARC21/slim http://www.loc.gov/standards/marcxml/schema/MARC21slim.xsd"
    xmlns="http://www.loc.gov/MARC21/slim">

  <leader>03111cam a2200361 i 4500</leader>
  <controlfield tag="003">OSt</controlfield>
  <controlfield tag="005">20210427144821.0</controlfield>
  <controlfield tag="008">140612s2015    enka     b    001 0 eng  </controlfield>
  <datafield tag="010" ind1=" " ind2=" ">
    <subfield code="a">  2014022364</subfield>
  </datafield>
  <datafield tag="020" ind1=" " ind2=" ">
    <subfield code="a">9781118867921 </subfield>
  </datafield>
  <datafield tag="040" ind1=" " ind2=" ">
    <subfield code="a">DLC</subfield>
    <subfield code="c">CO-JMCR</subfield>
  </datafield>
  <datafield tag="041" ind1="0" ind2=" ">
    <subfield code="a">eng</subfield>
  </datafield>
  <datafield tag="082" ind1="0" ind2="4">
    <subfield code="a">332.4 / </subfield>
    <subfield code="b">F715m</subfield>
    <subfield code="2">23</subfield>
  </datafield>
  <datafield tag="084" ind1=" " ind2=" ">
    <subfield code="a">BUS027000</subfield>
    <subfield code="2">bisacsh</subfield>
  </datafield>
  <datafield tag="100" ind1="1" ind2=" ">
    <subfield code="a">Serval, Jean-Fran&#xE7;ois, </subfield>
    <subfield code="e">autor</subfield>
    <subfield code="9">37213</subfield>
  </datafield>
  <datafield tag="245" ind1="1" ind2="4">
    <subfield code="a">The monetary system :</subfield>
    <subfield code="b">analysis and new approaches to regulation /</subfield>
    <subfield code="c">Jean-Fran&#xE7;ois Serval, Jean-Pascal Trani&#xE9;.</subfield>
  </datafield>
  <datafield tag="260" ind1=" " ind2=" ">
    <subfield code="a">Chichester, West Sussex, United Kingdom :</subfield>
    <subfield code="b">John Wiley &amp; Sons Ltd,</subfield>
    <subfield code="c">2015.</subfield>
  </datafield>
  <datafield tag="300" ind1=" " ind2=" ">
    <subfield code="a">xxiii, 287 p&#xE1;ginas :</subfield>
    <subfield code="b">ilustraciones en blanco y negro ;</subfield>
    <subfield code="c">25 cm.</subfield>
  </datafield>
  <datafield tag="490" ind1="0" ind2=" ">
    <subfield code="a">The Wiley finance series</subfield>
  </datafield>
  <datafield tag="504" ind1=" " ind2=" ">
    <subfield code="a">Includes bibliographical references and index.</subfield>
  </datafield>
  <datafield tag="520" ind1=" " ind2=" ">
    <subfield code="a">"The authors offer an analytic approach distinguishing those financial instruments that are freely transferable and those that can be classified as securitization and CDS as a result of their underlying legal structure from other financial instruments that can often be converted from one category to another.  Their new aggregates M5 category encompass all instruments including cash from the Central Bank, in essence all receivables that in counterparty relationships are recorded as debts in some balance sheets, the M6 entry being the total of balance sheets from where the data has to be collected to compare them with revenues. By employing derivatives of M5 and M6 they cover all underlying collateral classes thus allowing a type of comprehensive economic modeling that no other authors have been able to propose. This text offers insights into the present situation of slow growth, rising debts and long term low inflation and puts forward some possible outcomes for the global economy.  The authors point out the social role of monetary contracts not only because they are grounding exchanges as it has always been the since ever in the past but also because it's sampling is the tool for redistribution between actors including "sectors" through taxation and inflation and deflation and finally between generations"--</subfield>
    <subfield code="c">Provided by publisher.</subfield>
  </datafield>
  <datafield tag="520" ind1=" " ind2=" ">
    <subfield code="a">"This text provides an in-depth analysis of the definition of money and how money operates, taking a controversial stance in presenting the contemporary implementation of money as a social contract, governed by laws and regulations set by our society"--</subfield>
    <subfield code="c">Provided by publisher.</subfield>
  </datafield>
  <datafield tag="650" ind1="1" ind2="4">
    <subfield code="a">Money.</subfield>
    <subfield code="9">37214</subfield>
  </datafield>
  <datafield tag="650" ind1="2" ind2="4">
    <subfield code="a">Finance.</subfield>
    <subfield code="9">37215</subfield>
  </datafield>
  <datafield tag="650" ind1="2" ind2="4">
    <subfield code="a">Financial institutions.</subfield>
    <subfield code="9">37216</subfield>
  </datafield>
  <datafield tag="650" ind1="2" ind2="4">
    <subfield code="a">Monetary policy.</subfield>
    <subfield code="9">37217</subfield>
  </datafield>
  <datafield tag="650" ind1="2" ind2="4">
    <subfield code="a">BUSINESS &amp; ECONOMICS / Finance.</subfield>
    <subfield code="2">bisacsh</subfield>
    <subfield code="9">37218</subfield>
  </datafield>
  <datafield tag="700" ind1="1" ind2=" ">
    <subfield code="a">Trani&#xE9;, Jean-Pascal</subfield>
    <subfield code="e">autor</subfield>
    <subfield code="9">37219</subfield>
  </datafield>
  <datafield tag="776" ind1="0" ind2="8">
    <subfield code="i">Online version:</subfield>
    <subfield code="a">Serval, Jean-Fran&#xE7;ois</subfield>
    <subfield code="t">Monetary system</subfield>
    <subfield code="d">Chichester, West Sussex, United Kingdom : Wiley, 2014</subfield>
    <subfield code="z">9781118867853</subfield>
    <subfield code="w">(DLC) 2014023438</subfield>
  </datafield>
  <datafield tag="906" ind1=" " ind2=" ">
    <subfield code="a">7</subfield>
    <subfield code="b">cbc</subfield>
    <subfield code="c">orignew</subfield>
    <subfield code="d">1</subfield>
    <subfield code="e">ecip</subfield>
    <subfield code="f">20</subfield>
    <subfield code="g">y-gencatlg</subfield>
  </datafield>
  <datafield tag="942" ind1=" " ind2=" ">
    <subfield code="2">ddc</subfield>
    <subfield code="c">BK</subfield>
  </datafield>
  <datafield tag="999" ind1=" " ind2=" ">
    <subfield code="c">11592</subfield>
    <subfield code="d">11592</subfield>
  </datafield>
  <datafield tag="952" ind1=" " ind2=" ">
    <subfield code="0">0</subfield>
    <subfield code="1">0</subfield>
    <subfield code="2">ddc</subfield>
    <subfield code="4">0</subfield>
    <subfield code="7">0</subfield>
    <subfield code="a">CPL</subfield>
    <subfield code="b">CPL</subfield>
    <subfield code="c">GEN</subfield>
    <subfield code="d">2018-04-15</subfield>
    <subfield code="e">Donaci&#xF3;n</subfield>
    <subfield code="o">332.4 / F715m</subfield>
    <subfield code="p">430000314</subfield>
    <subfield code="r">2024-05-16 00:00:00</subfield>
    <subfield code="t">Ej.1</subfield>
    <subfield code="w">2021-03-10</subfield>
    <subfield code="y">BK</subfield>
  </datafield>
</record>
